| 000 | 01694cam a2200385 a 4500 | ||
|---|---|---|---|
| 999 |
_c534021 _d534021 |
||
| 001 | 15265455 | ||
| 003 | NUST | ||
| 005 | 20200128140512.0 | ||
| 008 | 080417s2008 nyu 000 1 eng | ||
| 010 | _a 2008015041 | ||
| 020 | _a9780399155222 | ||
| 020 | _a0399155228 | ||
| 035 | _a(OCoLC)213308435 | ||
| 038 | _aMSOHAIL | ||
| 040 |
_aDLC _cDLC _dIG# _dBTCTA _dBAKER _dYDXCP _dUPZ _dJZ6 _dWIQ _dVP@ _dCDX _dDLC |
||
| 043 | _an-us-ny | ||
| 050 | 0 | 0 |
_aPS3568.O243 _bS35 2008 |
| 082 | 0 | 0 |
_a813.54 _222 |
| 100 | 1 |
_aRobb, J. D., _d1950- _911420 |
|
| 245 | 1 | 0 |
_aSalvation in death / _cJ.D. Robb. |
| 260 |
_aNew York : _bG.P. Putnam's Sons, _cc2008. |
||
| 300 |
_a437 p. ; _c24 cm. |
||
| 520 | _aThe priest at a Catholic funeral mass brings the chalice to his lipsand falls over dead. When Detective Lieutenant Eve Dallas confirms that the consecrated wine contains potassium cyanide, she's determined to find out who committed this unholy act. | ||
| 600 | 1 | 0 |
_aDallas, Eve _c(Fictitious character) _vFiction. _928126 |
| 650 | 0 |
_aPolice _zNew York (State) _zNew York _vFiction. _911422 |
|
| 650 | 0 |
_aPolicewomen _vFiction. _911423 |
|
| 650 | 0 |
_aPriests _xCrimes against _vFiction. _928127 |
|
| 651 | 0 |
_aNew York (N.Y.) _vFiction. _94634 |
|
| 655 | 7 |
_aMystery fiction. _2gsafd _95621 |
|
| 856 | 4 | 2 |
_3Contributor biographical information _uhttp://www.loc.gov/catdir/enhancements/fy0903/2008015041-b.html |
| 856 | 4 | 2 |
_3Publisher description _uhttp://www.loc.gov/catdir/enhancements/fy0903/2008015041-d.html |
| 906 |
_a7 _bcbc _corignew _d1 _eecip _f20 _gy-gencatlg |
||
| 942 |
_2ddc _cBK |
||